000 01198nam0a2200337 4500
001 RU\NLR\BIBL_A\022611910
005 20260420052649.0
010 _a978-5-17-170281-6
_95000
021 _aRU
_bКН-П-25-040122
_9КН-П-25-3908
035 _a(NLR Aleph) 022611910
090 _a13683160
_c13683160
100 _a20250828d2025 u y0rusy50 ca
101 1 _arus
_ceng
102 _aRU
105 _aa z 000ay
181 0 _ai3
_baxxe
182 0 _an
200 1 _aТрон секретов
_eроман
_fКерри Манискалко
_gперевод с английского Майи Киштаевой
203 _aТекст
_bвизуальный
_cнепосредственный
210 _aМосква
_cАСТ
_d2025
215 _a701, [2] с.
_cил.
_d21
225 1 _aСерия "Mainstream. Фэнтези"
320 _aДр. кн. авт. в конце текста
333 _a18+
686 1 _aШ6(7США)67-445{Лх1979-62}
700 1 _7ca
_8rus
_aМанискалко
_bК.
_gКерри
_9187904
_3RU\NLR\AUTH\770187955
942 _cBOOK
980 _aNB